[Event "CZE-chT 2223"]
[Site "Czech Republic"]
[Date "2023.02.19"]
[Round "8.4"]
[White "Vlasak, Lukas"]
[Black "Vraj, Karel"]
[Result "1-0"]
[WhiteElo "2445"]
[BlackElo "2020"]
[PlyCount "71"]
[EventDate "2022.10.15"]
[EventType "team-tourn"]
[EventRounds "11"]
[EventCountry "CZE"]
[SourceTitle "CBM 213 Extra"]
[Source "ChessBase"]
[SourceDate "2023.05.31"]
[SourceVersion "1"]
[SourceVersionDate "2023.05.31"]
[SourceQuality "1"]
[WhiteTeam "Turnov Zikuda"]
[BlackTeam "Hostalkova"]
[WhiteTeamCountry "CZE"]
[BlackTeamCountry "CZE"]

1. d4 d5 2. Nf3 Nf6 3. Bf4 e6 4. e3 Bd6 5. Bg3 Bxg3 6. hxg3 Nbd7 7. c4 Qe7 8. Nc3 c6 9. Qc2 0-0 10. 0-0-0 dxc4 11. Bxc4 b5 12. Bd3 g6 13. Kb1 a5 14. Rh4 Kg7 15. Ne5 Bb7 16. Rdh1 Rh8 17. Nxd7 Qxd7 18. g4 a4 19. g5 Nd5 20. Ne4 Qe7 21. Qc5 Qxc5 22. Nxc5 Ra7 23. Be4 Nb6 24. a3 Ba8 25. Rc1 h6 26. Rch1 h5 27. g4 Nc4 28. gxh5 Nd2+ 29. Kc2 Nxe4 30. h6+ Kh7 31. Rxe4 Rb8 32. Ra1 b4 33. axb4 Rxb4 34. Kc3 Rb5 35. Re5 Rba5 36. Ra3 1-0

[Event "CZE-chT1E 1819"]
[Site "Czech Republic"]
[Date "2019.02.03"]
[Round "7.8"]
[White "Mica, Marek"]
[Black "Vraj, Karel"]
[Result "1-0"]
[WhiteElo "2164"]
[BlackElo "1964"]
[PlyCount "63"]
[EventDate "2018.10.21"]
[EventType "team-tourn"]
[EventRounds "11"]
[EventCountry "CZE"]
[SourceTitle "CBM 188 Extra"]
[Source "ChessBase"]
[SourceDate "2019.02.26"]
[SourceVersion "1"]
[SourceVersionDate "2019.02.26"]
[SourceQuality "1"]
[WhiteTeam "Frydek Mistek II"]
[BlackTeam "Hostalkova"]
[WhiteTeamCountry "CZE"]
[BlackTeamCountry "CZE"]

1. d4 g6 2. c4 Bg7 3. Nf3 d6 4. Nc3 Nd7 5. g3 c6 6. Bg2 Ngf6 7. 0-0 0-0 8. e4 e5 9. d5 c5 10. Ne1 Nb6 11. b3 Ne8 12. Nd3 f5 13. f3 Nf6 14. Be3 a6 15. Qd2 Bd7 16. Rae1 Nc8 17. f4 Ng4 18. fxe5 Nxe5 19. Nxe5 Bxe5 20. Bf4 Bxf4 21. Rxf4 fxe4 22. Nxe4 Rxf4 23. Qxf4 Bf5 24. Ng5 h5 25. Bh3 Ne7 26. Re6 Bxe6 27. Bxe6+ Kg7 28. Qf7+ Kh6 29. Qh7+ Kxg5 30. h4+ Kf6 31. Qf7+ Ke5 32. Qf4# 1-0

[Event "Vsetin op 43rd"]
[Site "Vsetin"]
[Date "2018.07.04"]
[Round "1"]
[White "Vraj, Karel"]
[Black "Belunek, Vladimir"]
[Result "0-1"]
[WhiteElo "1942"]
[BlackElo "2212"]
[PlyCount "50"]
[EventDate "2018.07.04"]
[EventType "swiss"]
[EventRounds "9"]
[EventCountry "CZE"]
[SourceTitle "CBM 185 Extra"]
[Source "ChessBase"]
[SourceDate "2018.07.29"]
[SourceVersion "1"]
[SourceVersionDate "2018.07.29"]
[SourceQuality "1"]

1. e4 c5 2. Nf3 d6 3. d4 cxd4 4. Nxd4 Nf6 5. Nc3 a6 6. Be2 e5 7. Nb3 Be7 8. Be3 0-0 9. Qd2 b5 10. a4 Bb7 11. axb5 axb5 12. Rxa8 Bxa8 13. f3 b4 14. Nd5 Nxd5 15. exd5 Nd7 16. Qxb4 Bxd5 17. 0-0 Qc7 18. Qd2 Be6 19. f4 Rb8 20. fxe5 dxe5 21. Ra1 Nb6 22. Qa5 Qxc2 23. Qxe5 Nd7 24. Nd4 Qxb2 25. Qa5 Bc5 0-1

[Event "Vsetin op"]
[Site "Vsetin"]
[Date "2017.07.05"]
[Round "6"]
[White "Hrabovsky, Vladimir"]
[Black "Vraj, Karel"]
[Result "1/2-1/2"]
[WhiteElo "2000"]
[BlackElo "1778"]
[PlyCount "29"]
[EventDate "2017.07.01"]
[EventType "swiss"]
[EventRounds "9"]
[EventCountry "CZE"]
[SourceTitle "CBM 179 Extra"]
[Source "ChessBase"]
[SourceDate "2017.08.23"]
[SourceVersion "1"]
[SourceVersionDate "2017.08.23"]
[SourceQuality "1"]

1. e4 e5 2. Nf3 Nc6 3. Bb5 a6 4. Ba4 b5 5. Bb3 d6 6. c3 Be6 7. 0-0 Bxb3 8. axb3 Nf6 9. d3 Be7 10. Nbd2 0-0 11. Re1 d5 12. Qe2 d4 13. Nf1 a5 14. Ng3 h6 15. Nf5 1/2-1/2

[Event "Vsetin op"]
[Site "Vsetin"]
[Date "2017.07.04"]
[Round "4"]
[White "Mica, Marek"]
[Black "Vraj, Karel"]
[Result "1/2-1/2"]
[WhiteElo "1974"]
[BlackElo "1778"]
[PlyCount "108"]
[EventDate "2017.07.01"]
[EventType "swiss"]
[EventRounds "9"]
[EventCountry "CZE"]
[SourceTitle "CBM 179 Extra"]
[Source "ChessBase"]
[SourceDate "2017.08.23"]
[SourceVersion "1"]
[SourceVersionDate "2017.08.23"]
[SourceQuality "1"]

1. d4 d5 2. c4 e6 3. Nc3 Nf6 4. Bg5 Be7 5. e3 0-0 6. Nf3 Nbd7 7. Rc1 c6 8. Bd3 dxc4 9. Bxc4 Nd5 10. Bxe7 Qxe7 11. 0-0 Nxc3 12. bxc3 e5 13. Qc2 e4 14. Nd2 Nf6 15. Be2 Re8 16. Rb1 Bg4 17. Nc4 Bxe2 18. Qxe2 Nd5 19. Rb3 Rac8 20. Rfb1 b5 21. Nd2 a5 22. c4 a4 23. cxd5 axb3 24. Nxb3 cxd5 25. Nc5 Qa7 26. Rxb5 Rb8 27. a4 Rxb5 28. Qxb5 Rb8 29. Qf1 Rb2 30. g3 Qb6 31. Qa6 Qxa6 32. Nxa6 Ra2 33. Nc7 Rxa4 34. Nxd5 g6 35. Nf6+ Kg7 36. Nxe4 f5 37. Nc5 Ra1+ 38. Kg2 Rd1 39. h4 Rd2 40. Kf3 h6 41. Nb3 Rb2 42. Na5 g5 43. hxg5 hxg5 44. Nc4 Rc2 45. Ne5 g4+ 46. Kg2 Rd2 47. Nc4 Rc2 48. Nd6 Kf6 49. Nb7 Ke6 50. Nc5+ Kd5 51. Kf1 Rc1+ 52. Ke2 Rc2+ 53. Kf1 Rc1+ 54. Ke2 Rc2+ 1/2-1/2

[Event "Vsetin op"]
[Site "Vsetin"]
[Date "2017.07.01"]
[Round "1"]
[White "Vraj, Karel"]
[Black "Krejca, Jakub"]
[Result "1/2-1/2"]
[WhiteElo "1778"]
[BlackElo "2115"]
[PlyCount "71"]
[EventDate "2017.07.01"]
[EventType "swiss"]
[EventRounds "9"]
[EventCountry "CZE"]
[SourceTitle "CBM 179 Extra"]
[Source "ChessBase"]
[SourceDate "2017.08.23"]
[SourceVersion "1"]
[SourceVersionDate "2017.08.23"]
[SourceQuality "1"]

1. e4 e6 2. d4 d5 3. exd5 exd5 4. Bd3 Bd6 5. h3 Ne7 6. Nf3 0-0 7. 0-0 c6 8. b3 Bf5 9. Bxf5 Nxf5 10. Ba3 Nd7 11. Bxd6 Nxd6 12. Nbd2 Re8 13. c3 Nf6 14. Ne5 Nfe4 15. Nxe4 Nxe4 16. Qd3 f6 17. Nf3 Qa5 18. Rfc1 Re7 19. Nd2 Rae8 20. Nxe4 Rxe4 21. Kf1 Qa3 22. Re1 Qb2 23. g3 g6 24. b4 Rxe1+ 25. Rxe1 Rxe1+ 26. Kxe1 Qxa2 27. h4 Qa1+ 28. Ke2 Qh1 29. Qe3 Qe4 30. Qxe4 dxe4 31. Ke3 f5 32. Kf4 Kf7 33. Ke5 Ke7 34. c4 b6 35. b5 cxb5 36. cxb5 1/2-1/2

[Event "CZE-chT U18 Extraliga final-B 1617"]
[Site "Czech Republic"]
[Date "2017.04.23"]
[Round "11.4"]
[White "Soukup, Jiri1111"]
[Black "Vraj, Karel"]
[Result "1/2-1/2"]
[WhiteElo "1691"]
[BlackElo "1726"]
[PlyCount "94"]
[EventDate "2016.10.01"]
[EventType "team-tourn"]
[EventRounds "11"]
[EventCountry "CZE"]
[SourceTitle "EXT 2022"]
[Source "ChessBase"]
[SourceDate "2021.10.06"]
[SourceVersion "1"]
[SourceVersionDate "2021.10.06"]
[SourceQuality "1"]
[WhiteTeam "Bustehrad U18"]
[BlackTeam "Hostalkova U18"]
[WhiteTeamCountry "CZE"]
[BlackTeamCountry "CZE"]

1. e4 e5 2. Nc3 Nc6 3. Bc4 Nf6 4. Nf3 Bc5 5. d3 h6 6. Be3 Bb6 7. Qd2 d6 8. h3 Be6 9. Bb3 Qd7 10. 0-0-0 0-0-0 11. Bxb6 axb6 12. Rhe1 Bxb3 13. axb3 Rhe8 14. d4 exd4 15. Nxd4 Nxd4 16. Qxd4 Qe6 17. Qa4 c6 18. Re3 Kc7 19. e5 dxe5 20. Rxd8 Rxd8 21. f4 e4 22. Qb4 Nd5 23. Nxd5+ Qxd5 24. Qe7+ Rd7 25. Qe5+ Qxe5 26. fxe5 Re7 27. Rxe4 f6 28. Rg4 fxe5 29. Rg6 Rf7 30. Kd1 b5 31. Re6 Kd7 32. Rxe5 Kd6 33. Re3 Rf5 34. g3 Rd5+ 35. Ke2 Re5 36. Rxe5 Kxe5 37. Ke3 g6 38. c3 c5 39. Kd3 g5 40. Ke3 h5 41. Kf3 c4 42. b4 Kf5 43. g4+ hxg4+ 44. hxg4+ Ke5 45. Ke3 Kd5 46. Kf3 b6 47. Ke3 Ke5 1/2-1/2

[Event "CZE-chT2E 1617"]
[Site "Czech Republic"]
[Date "2017.04.02"]
[Round "11.8"]
[White "Mikus, Pavol"]
[Black "Vraj, Karel"]
[Result "0-1"]
[WhiteElo "1492"]
[BlackElo "1785"]
[PlyCount "70"]
[EventDate "2016.09.10"]
[EventType "team-tourn"]
[EventRounds "11"]
[EventCountry "CZE"]
[SourceTitle "EXT 2022"]
[Source "ChessBase"]
[SourceDate "2021.10.06"]
[SourceVersion "1"]
[SourceVersionDate "2021.10.06"]
[SourceQuality "1"]
[WhiteTeam "Adamov"]
[BlackTeam "Hostalkova"]
[WhiteTeamCountry "CZE"]
[BlackTeamCountry "CZE"]

1. e4 c5 2. Nf3 Nc6 3. Bb5 d6 4. 0-0 e6 5. d4 cxd4 6. Nxd4 Qc7 7. c3 Nf6 8. Bg5 Nxe4 9. Qg4 Nxg5 10. Qxg5 Bd7 11. Bxc6 bxc6 12. Nd2 c5 13. N4f3 f6 14. Qh4 Rb8 15. b3 d5 16. c4 d4 17. Rfe1 Be7 18. g3 0-0 19. Qe4 a5 20. Qd3 Rb6 21. Re2 e5 22. Rae1 Re6 23. Nh4 Re8 24. Ne4 g6 25. Nd2 f5 26. Nxf5 gxf5 27. Qxf5 Rf8 28. Qd3 Bc6 29. f4 Bd6 30. Ne4 exf4 31. Nxd6 Rxe2 32. Qxe2 Qxd6 33. Qg4+ Qg6 34. Qxg6+ hxg6 35. Re6 Rd8 0-1

[Event "CZE-ch U16"]
[Site "Kouty nad Desnou"]
[Date "2017.03.13"]
[Round "3"]
[White "Cerny, David"]
[Black "Vraj, Karel"]
[Result "1-0"]
[WhiteElo "1942"]
[BlackElo "1783"]
[PlyCount "93"]
[EventDate "2017.03.11"]
[EventType "swiss"]
[EventRounds "9"]
[EventCountry "CZE"]
[SourceTitle "CBM 177 Extra"]
[Source "ChessBase"]
[SourceDate "2017.04.27"]
[SourceVersion "1"]
[SourceVersionDate "2017.04.27"]
[SourceQuality "1"]

1. e4 c5 2. Nf3 Nc6 3. Nc3 d6 4. d4 cxd4 5. Nxd4 Nf6 6. Bg5 e5 7. Nf5 Bxf5 8. exf5 Be7 9. Bxf6 Bxf6 10. Ne4 d5 11. Nxf6+ Qxf6 12. Qxd5 0-0 13. Qe4 Rfd8 14. c3 Qd6 15. Qc2 Qd5 16. Rd1 Qxa2 17. Be2 Rxd1+ 18. Bxd1 Rd8 19. 0-0 Qa5 20. Bf3 Qc7 21. Re1 Nd4 22. Qe4 Nxf3+ 23. Qxf3 f6 24. g4 Rd7 25. Qe4 Qc5 26. Qa4 b5 27. Qb3+ Qd5 28. Qb4 Qc4 29. Qxc4+ bxc4 30. Kf1 Rb7 31. Rb1 h5 32. f3 hxg4 33. fxg4 Kh7 34. Kf2 a5 35. Kf3 Rb5 36. Ke4 Kh6 37. h4 Kh7 38. g5 Kg8 39. g6 Kf8 40. h5 Ke7 41. Rg1 Kf8 42. Rg2 a4 43. Rc2 Ke7 44. Rh2 Kf8 45. Rg2 Ra5 46. Rd2 Ke7 47. Rd5 1-0

[Event "CZE-ch U16"]
[Site "Kouty nad Desnou"]
[Date "2017.03.11"]
[Round "1"]
[White "Sramek, Vojtech"]
[Black "Vraj, Karel"]
[Result "1-0"]
[WhiteElo "2048"]
[BlackElo "1783"]
[PlyCount "53"]
[EventDate "2017.03.11"]
[EventType "swiss"]
[EventRounds "9"]
[EventCountry "CZE"]
[SourceTitle "CBM 177 Extra"]
[Source "ChessBase"]
[SourceDate "2017.04.27"]
[SourceVersion "1"]
[SourceVersionDate "2017.04.27"]
[SourceQuality "1"]

1. e4 e5 2. Nf3 Nc6 3. Bb5 a6 4. Ba4 Nf6 5. 0-0 d6 6. c3 b5 7. Bb3 Bg4 8. Re1 Be7 9. d3 0-0 10. Nbd2 Qd7 11. Nf1 Be6 12. Bc2 h6 13. Ng3 Ne8 14. d4 exd4 15. cxd4 Nb4 16. Bb1 d5 17. a3 Nc6 18. e5 f5 19. exf6 Nxf6 20. Ne5 Nxe5 21. dxe5 Ng4 22. Qc2 Rfc8 23. h3 Nxf2 24. Kxf2 Rf8+ 25. Kg1 Bh4 26. Qh7+ Kf7 27. Rf1+ 1-0

[Event "CZE-ch U14"]
[Site "Kouty nad Desnou"]
[Date "2015.03.10"]
[Round "4"]
[White "Vraj, Karel"]
[Black "Jurasek, Vojtech"]
[Result "1-0"]
[WhiteElo "1680"]
[BlackElo "1615"]
[PlyCount "121"]
[EventDate "2015.03.07"]
[EventType "swiss"]
[EventRounds "9"]
[EventCountry "CZE"]
[SourceTitle "EXT 2017"]
[Source "ChessBase"]
[SourceDate "2016.10.25"]
[SourceVersion "1"]
[SourceVersionDate "2016.10.25"]
[SourceQuality "1"]

1. e4 c5 2. Nf3 e6 3. d4 cxd4 4. Nxd4 a6 5. c4 Nf6 6. Nc3 Qc7 7. Be2 Be7 8. Be3 d6 9. f3 Nbd7 10. Qd2 b6 11. b3 Bb7 12. 0-0 Rc8 13. Rac1 Qb8 14. Rfd1 Bd8 15. Nc2 Bc7 16. Bf4 Ne5 17. Nb4 Rd8 18. Qe1 0-0 19. Bg5 Ned7 20. f4 Rc8 21. Bf3 Kh8 22. Kh1 Rg8 23. Qd2 Qa8 24. Re1 Rce8 25. Rcd1 h6 26. Bh4 Nh7 27. Nc2 g5 28. fxg5 hxg5 29. Bg3 g4 30. Be2 Ndf6 31. Bd3 Nh5 32. Qe3 f5 33. Re2 Qc8 34. exf5 Nxg3+ 35. Qxg3 d5 36. Qf2 g3 37. Qe3 dxc4 38. bxc4 exf5 39. Qd4+ Rg7 40. Rxe8+ Qxe8 41. h3 f4 42. Re1 Qh5 43. Be4 Ng5 44. Bxb7 Nxh3 45. Re8+ Qxe8 46. gxh3 Qe6 47. Kg2 Be5 48. Qd8+ Kh7 49. Qh4+ Qh6 50. Be4+ Rg6 51. Qxh6+ Kxh6 52. Bxg6 Kxg6 53. Nd5 b5 54. cxb5 axb5 55. Na3 Kf5 56. Nxb5 Ke4 57. Nbc3+ Kd4 58. h4 Kc4 59. h5 Bxc3 60. Nxc3 Kxc3 61. h6 1-0

[Event "CZE-ch U14"]
[Site "Kouty nad Desnou"]
[Date "2015.03.07"]
[Round "1"]
[White "Pulpan, Matej"]
[Black "Vraj, Karel"]
[Result "1-0"]
[WhiteElo "1817"]
[BlackElo "1680"]
[PlyCount "123"]
[EventDate "2015.03.07"]
[EventType "swiss"]
[EventRounds "9"]
[EventCountry "CZE"]
[SourceTitle "EXT 2017"]
[Source "ChessBase"]
[SourceDate "2016.10.25"]
[SourceVersion "1"]
[SourceVersionDate "2016.10.25"]
[SourceQuality "1"]

1. e4 c5 2. c3 d5 3. exd5 Qxd5 4. d4 cxd4 5. cxd4 Nc6 6. Nf3 e6 7. Nc3 Bb4 8. Bd2 Qd8 9. a3 Ba5 10. Be3 Nge7 11. Bd3 Nf5 12. 0-0 0-0 13. h3 Bb6 14. Bxf5 exf5 15. Qd3 f4 16. Bxf4 Nxd4 17. Rad1 Nxf3+ 18. Qxf3 Qh4 19. Ne4 Bf5 20. Nd6 Be6 21. Nxb7 Qf6 22. Qg3 Qg6 23. Qxg6 hxg6 24. Bd6 Rfc8 25. b4 Rc2 26. Nc5 Bxc5 27. Bxc5 a6 28. Rc1 Rxc1 29. Rxc1 Bd7 30. Bd6 Rc8 31. Rd1 Ba4 32. Rd5 Bb5 33. Bc5 Re8 34. Be3 Rc8 35. Rd6 Rc6 36. Rd8+ Kh7 37. Ra8 Rd6 38. Bc5 Rd1+ 39. Kh2 Ra1 40. Ra7 Kg8 41. Ra8+ Kh7 42. Rf8 Bc4 43. Bd6 Rxa3 44. b5 Rd3 45. b6 Rxd6 46. b7 Rb6 47. b8Q Rxb8 48. Rxb8 g5 49. Kg3 f6 50. Rb7 Kh6 51. Rc7 Bb5 52. Kf3 Bf1 53. Rc1 Bb5 54. Ke4 Kg6 55. g4 a5 56. Rc5 Bf1 57. Rc1 Bxh3 58. Kf3 f5 59. Rc6+ Kh7 60. gxf5 Bxf5 61. Rc5 Kh6 62. Rxf5 1-0

[Event "CZE-ch U14"]
[Site "Kouty nad Desnou"]
[Date "2014.03.08"]
[Round "1"]
[White "Vraj, Karel"]
[Black "Danek, Daniel"]
[Result "0-1"]
[WhiteElo "1593"]
[BlackElo "1827"]
[PlyCount "46"]
[EventDate "2014.03.08"]
[EventType "swiss"]
[EventRounds "9"]
[EventCountry "CZE"]
[SourceTitle "EXT 2015"]
[Source "ChessBase"]
[SourceDate "2014.11.20"]
[SourceVersion "1"]
[SourceVersionDate "2014.11.20"]
[SourceQuality "1"]

1. e4 c6 2. d4 d5 3. exd5 cxd5 4. Bd3 Nc6 5. c3 Qc7 6. Nf3 Bg4 7. Nbd2 e6 8. 0-0 Bd6 9. Re1 Bxh2+ 10. Kh1 Bd6 11. Qb3 Nge7 12. a4 h5 13. c4 0-0-0 14. c5 Bf4 15. Qc3 h4 16. Bf1 Nf5 17. Nb3 h3 18. gxh3 Bxh3 19. Bxh3 Rxh3+ 20. Kg2 Rdh8 21. Qc2 Rxf3 22. Bxf4 Qxf4 23. Rh1 Qg4+ 0-1